Introducción: Pobreza y exclusión social en América Latina y el Caribe /

Salvato in:
Dettagli Bibliografici
Autore principale: Gacitúa Marió, Estanislao
Altri autori: Davis, Shelton Harold
Natura: testo
Pubblicazione: San José: FLACSO
Soggetti:
Tags: Aggiungi Tag
Nessun Tag, puoi essere il primo ad aggiungerne!!

MARC

LEADER 00000 a a2200000 04500
001 45589
003
040 |a CRAI/IIS  |c CRAI/IIS 
020 |a 9977-68-110-4  
090 |a 05.03.03 G121e  
100 |a Gacitúa Marió, Estanislao  
245 |a Introducción:  |b Pobreza y exclusión social en América Latina y el Caribe /  |c Estanislao Gacitúa; Shelton, H. Davis  
260 |a San José:   |b FLACSO  
650 |a POBREZA  
650 |a EMPOBRECIMIENTO  
650 |a DESIGUALDAD SOCIAL  
650 |a EXCLUSION SOCIAL  
700 |a Davis, Shelton Harold  
773 |g páginas 13-24  
999 |c 18281  |d 18281